00775 2200253 4500001002100000005001500021035002000036007000300056008004100059020002200100082001400122084002000136100006300156245009300219250001000312260005700322300002500379650002000404700005800424990000900482990001000491990001000501990001000511INLIS00000000000036820170925113319 a0010-0917000354ta170925 f i ind  a978-979-26-6796-7 a297.122.6 a297.122.6 MUH t0 aMuhammad, Al Imam Jalaluddin bin Ahmad Muhammad al Mahalli1 aTafsir Jalalain Jilid 1 /cAl Imam Jalaluddin Muhammad bin Ahmad bin Muhammad al Mahalli aCet 2 aSurabaya :bPT. eLBA Fitrah Mandiri Sejahtera,c2015 a787hlm ;c21 x 29 cm aTafsir Al Quran0 aAl Imam Jalaluddin Abdirrahman bin Au Bakar As Suyuti a6075 a6075a a4923a a4923b